[Event "CYCC U12 w"]
[Site "Ottawa CAN"]
[Date "2013.07.12"]
[Round "6"]
[White "Wang, Constance"]
[Black "Gao, Catherine"]
[Result "1-0"]
[WhiteElo "1660"]
[BlackElo "1121"]
[PlyCount "45"]
[GameId "2160767909326538"]
[EventDate "2013.07.10"]
[EventType "swiss"]
[EventRounds "6"]
[EventCountry "CAN"]
[SourceTitle "EXT 2022"]
[Source "ChessBase"]
[SourceDate "2021.10.06"]
[SourceVersion "1"]
[SourceVersionDate "2021.10.06"]
[SourceQuality "1"]

1. e4 e5 2. f4 d6 3. Nf3 Nc6 4. Bc4 Nf6 5. Nc3 Be7 6. O-O O-O 7. d3 Bg4 8. h3 Bh5 9. g4 Nxg4 10. hxg4 Bxg4 11. Qd2 h5 12. f5 Bf6 13. Nh2 Nd4 14. Qg2 c6 15. a3 Qb6 16. Kh1 a5 17. Rg1 Qc7 18. Nxg4 hxg4 19. Qxg4 Nxc2 20. Bh6 Kh7 21. Bxg7 Rfe8 22. Qh5+ Kg8 23. Qh8# 1-0

[Event "CYCC U12 w"]
[Site "Ottawa CAN"]
[Date "2013.07.12"]
[Round "6"]
[White "Yu, Rinna"]
[Black "Kaneshalingam, Mathanhe"]
[Result "1-0"]
[WhiteElo "1301"]
[BlackElo "1481"]
[PlyCount "55"]
[GameId "2160767909326539"]
[EventDate "2013.07.10"]
[EventType "swiss"]
[EventRounds "6"]
[EventCountry "CAN"]
[SourceTitle "EXT 2022"]
[Source "ChessBase"]
[SourceDate "2021.10.06"]
[SourceVersion "1"]
[SourceVersionDate "2021.10.06"]
[SourceQuality "1"]

1. e4 c5 2. Nf3 Nc6 3. d4 cxd4 4. Nxd4 e5 5. Nf3 Nf6 6. Nbd2 d5 7. exd5 Nxd5 8. Bc4 Nf4 9. O-O Be7 10. Nb3 O-O 11. Bxf4 exf4 12. h3 Bf5 13. Nfd4 Nxd4 14. Nxd4 Bg6 15. c3 Qc7 16. Bb3 Rad8 17. Qf3 a6 18. Ne2 Bd3 19. Rfe1 Bxe2 20. Rxe2 Bg5 21. Rae1 h6 22. Qh5 g6 23. Qxg6+ Kh8 24. Qh5 Kg7 25. h4 Bf6 26. Qg4+ Kh7 27. Bc2+ Kh8 28. Qf5 1-0

[Event "CYCC U12 w"]
[Site "Ottawa CAN"]
[Date "2013.07.12"]
[Round "6"]
[White "Zhou, Lily"]
[Black "Nguyen, An"]
[Result "1/2-1/2"]
[WhiteElo "1683"]
[BlackElo "1235"]
[PlyCount "150"]
[GameId "2160767909326540"]
[EventDate "2013.07.10"]
[EventType "swiss"]
[EventRounds "6"]
[EventCountry "CAN"]

1. d4 d5 2. c4 c6 3. Nc3 Nf6 4. e3 dxc4 5. Bxc4 Qc7 6. Nf3 Bg4 7. h3 Bh5 8. Bd2 e6 9. O-O Be7 10. Rc1 O-O 11. Be2 Nbd7 12. a3 Qd8 13. b4 Nd5 14. e4 Nxc3 15. Bxc3 Nf6 16. Qc2 Qb6 17. Ne5 Bxe2 18. Qxe2 Rfd8 19. Rfd1 Rac8 20. Qe1 h6 21. Rb1 a6 22. Nd3 Qc7 23. Nc5 b6 24. Nd3 Qb7 25. Ne5 Qa8 26. f3 c5 27. bxc5 bxc5 28. Kh1 cxd4 29. Ba5 Re8 30. Rxd4 Bxa3 31. Nc4 Bc5 32. Rd3 Bf2 33. Qxf2 Rxc4 34. Rdb3 Rec8 35. Qe3 R4c5 36. Be1 a5 37. Bg3 Qc6 38. Kh2 Nh5 39. Rb6 Qa4 40. Rb8 R5c6 41. R8b7 Nxg3 42. Kxg3 R6c7 43. Qa7 Qc6 44. Rxc7 Qxc7+ 45. Qxc7 Rxc7 46. Rb8+ Kh7 47. Ra8 Rc5 48. Kf4 Kg6 49. Ra7 Kf6 50. Ke3 e5 51. Kd3 Kg6 52. Ra6+ f6 53. Ra7 h5 54. h4 Kh6 55. Ra6 Kh7 56. Ra7 Kg8 57. Ra8+ Kf7 58. Ra7+ Kg6 59. Ra6 Kh6 60. Kd2 Rb5 61. Kc2 Rc5+ 62. Kd2 Kh7 63. Ra7 Rb5 64. Kc2 Kh6 65. Ra6 a4 66. Rxa4 g5 67. hxg5+ Kxg5 68. Ra8 Rb7 69. Rf8 Rg7 70. Kd3 Kh4 71. Rxf6 Rxg2 72. f4 exf4 73. Rxf4+ Kg5 74. Rf8 Rg3+ 75. Ke2 Kh4 1/2-1/2

[Event "CYCC U12 w"]
[Site "Ottawa CAN"]
[Date "2013.07.12"]
[Round "6"]
[White "Zhu, Jiarong"]
[Black "Tao, Ellen"]
[Result "1-0"]
[WhiteElo "1217"]
[BlackElo "1099"]
[PlyCount "111"]
[GameId "2160767909326542"]
[EventDate "2013.07.10"]
[EventType "swiss"]
[EventRounds "6"]
[EventCountry "CAN"]
[SourceTitle "EXT 2022"]
[Source "ChessBase"]
[SourceDate "2021.10.06"]
[SourceVersion "1"]
[SourceVersionDate "2021.10.06"]
[SourceQuality "1"]

1. e4 e5 2. Nf3 Nc6 3. Bb5 a6 4. Bxc6 dxc6 5. h3 Nf6 6. O-O Bd6 7. Nc3 O-O 8. d4 Bb4 9. dxe5 Qxd1 10. Rxd1 Bxc3 11. bxc3 Nxe4 12. Rd3 Bf5 13. Re3 Nc5 14. Ba3 b6 15. Nd4 Bd7 16. Rd1 Rfd8 17. Nb3 Be6 18. Rxd8+ Rxd8 19. Bxc5 Bxb3 20. Bxb6 cxb6 21. axb3 Rd2 22. Rd3 Rxd3 23. cxd3 Kf8 24. f4 Ke7 25. Kf2 a5 26. Ke2 Ke6 27. Ke3 Kd5 28. d4 b5 29. Kd3 Ke6 30. g4 g6 31. h4 h5 32. gxh5 gxh5 33. Ke4 a4 34. f5+ Ke7 35. bxa4 bxa4 36. Kd3 Kd7 37. Kc4 a3 38. Kb3 a2 39. Kxa2 Ke7 40. Kb3 f6 41. Kc4 fxe5 42. dxe5 Kd7 43. Kc5 Ke7 44. Kxc6 Kf7 45. Kd6 Ke8 46. e6 Kd8 47. e7+ Ke8 48. f6 Kf7 49. Kd7 Kxf6 50. e8=Q Kf5 51. Kd6 Kg4 52. Qg6+ Kxh4 53. Ke5 Kh3 54. Kf4 h4 55. Kf3 Kh2 56. Qg2# 1-0

[Event "CYCC U14"]
[Site "Ottawa CAN"]
[Date "2013.07.10"]
[Round "1"]
[White "Baskaran, Karthik"]
[Black "Cao, Jason"]
[Result "0-1"]
[WhiteElo "1368"]
[BlackElo "2239"]
[PlyCount "62"]
[GameId "2160767909326543"]
[EventDate "2013.07.10"]
[EventType "swiss"]
[EventRounds "6"]
[EventCountry "CAN"]
[SourceTitle "hb 2013"]

1. e4 c5 2. Nf3 d6 3. d4 cxd4 4. Nxd4 Nf6 5. Nc3 a6 6. Be3 e5 7. Nb3 Be7 8. Be2 O-O 9. f3 Be6 10. O-O Nbd7 11. Nd5 Nxd5 12. exd5 Bf5 13. c4 Rc8 14. Nd2 Bg6 15. Ne4 f5 16. Nc3 Bg5 17. f4 exf4 18. Bxf4 Qb6+ 19. Kh1 Bxf4 20. Rxf4 Qxb2 21. Na4 Qe5 22. Qd4 Qxe2 23. Raf1 Qe5 24. Qa7 Rfe8 25. h3 Nf6 26. Qxb7 Nh5 27. R4f3 Ng3+ 28. Rxg3 Qxg3 29. Qxa6 f4 30. Qxd6 Be4 31. Rg1 Qxh3# 0-1

[Event "CYCC U14"]
[Site "Ottawa CAN"]
[Date "2013.07.10"]
[Round "1"]
[White "Booth, Andrew"]
[Black "Zhang, Jeff"]
[Result "0-1"]
[WhiteElo "759"]
[BlackElo "1500"]
[PlyCount "72"]
[GameId "2160767909326545"]
[EventDate "2013.07.10"]
[EventType "swiss"]
[EventRounds "6"]
[EventCountry "CAN"]
[SourceTitle "hb 2013"]

1. e4 c5 2. Nc3 Nc6 3. Nf3 g6 4. a4 Bg7 5. e5 Nxe5 6. Qe2 Nc6 7. Nd5 e6 8. Nf4 Nge7 9. Ra3 d5 10. g3 Nb4 11. Kd1 b6 12. Qb5+ Bd7 13. Qe2 O-O 14. c3 Nbc6 15. Qb5 Na5 16. Qd3 c4 17. Qb1 Nac6 18. Be2 Ne5 19. d4 N5c6 20. a5 Nxa5 21. Qc2 Qc7 22. b4 Nac6 23. g4 Rfe8 24. h4 e5 25. h5 exf4 26. hxg6 hxg6 27. Rh4 a5 28. g5 Rf8 29. b5 Na7 30. Qb1 Nxb5 31. Ra2 Nxc3+ 32. Kc2 Nxb1 33. Kxb1 Bf5+ 34. Kb2 Bxd4+ 35. Ka3 Qc5+ 36. Ka4 b5# 0-1

[Event "CYCC U14"]
[Site "Ottawa CAN"]
[Date "2013.07.10"]
[Round "1"]
[White "D'Amore, Tyler"]
[Black "Lee, Nicholas"]
[Result "0-1"]
[WhiteElo "965"]
[BlackElo "1750"]
[PlyCount "58"]
[GameId "2160767909326547"]
[EventDate "2013.07.10"]
[EventType "swiss"]
[EventRounds "6"]
[EventCountry "CAN"]
[SourceTitle "hb 2013"]

1. d4 Nf6 2. c4 g6 3. Nc3 d5 4. cxd5 Nxd5 5. Bd2 Bg7 6. e4 Nxc3 7. Bxc3 c5 8. d5 Bxc3+ 9. bxc3 Qa5 10. Qb3 O-O 11. Nf3 e6 12. Bc4 exd5 13. Bxd5 Nd7 14. O-O Nf6 15. c4 Re8 16. Rfe1 Rb8 17. e5 Nxd5 18. cxd5 b5 19. Rad1 c4 20. Qc2 Bf5 21. Qb2 c3 22. Qb3 c2 23. Rc1 Rbc8 24. Nd4 Qd2 25. Qe3 Qa5 26. Qb3 Qxe1+ 27. Rxe1 c1=Q 28. Qe3 Qxe3 29. Rxe3 Rc1+ 0-1

[Event "CYCC U14"]
[Site "Ottawa CAN"]
[Date "2013.07.10"]
[Round "1"]
[White "Doknjas, John"]
[Black "Cheung, Darren"]
[Result "1-0"]
[WhiteElo "2065"]
[BlackElo "1210"]
[PlyCount "85"]
[GameId "2160767909326548"]
[EventDate "2013.07.10"]
[EventType "swiss"]
[EventRounds "6"]
[EventCountry "CAN"]
[SourceTitle "hb 2013"]

1. d4 d5 2. c4 e6 3. Nc3 c5 4. cxd5 exd5 5. Nf3 Nc6 6. g3 Bf5 7. Be3 c4 8. Bg2 Bb4 9. O-O Bxc3 10. bxc3 Qd7 11. Ne5 Nxe5 12. dxe5 Rd8 13. Bxa7 Bh3 14. Bb6 Bxg2 15. Kxg2 Ra8 16. Qd4 Ne7 17. Rfd1 Ra6 18. Bc5 Ra5 19. e4 O-O 20. Bxe7 Qxe7 21. exd5 Rd8 22. Qe4 f5 23. Qxc4 Qxe5 24. d6+ Kf8 25. Qc7 Raa8 26. Rab1 Rac8 27. Qe7+ Qxe7 28. dxe7+ Kxe7 29. Rxb7+ Kf6 30. Rxd8 Rxd8 31. Rb2 Rc8 32. Rc2 Ke5 33. c4 Kd4 34. c5 Rxc5 35. Rxc5 Kxc5 36. Kf3 g5 37. g4 f4 38. Ke4 Kc4 39. a4 Kb4 40. Kf5 h6 41. Kg6 Kxa4 42. Kxh6 Kb4 43. Kxg5 1-0

[Event "CYCC U14"]
[Site "Ottawa CAN"]
[Date "2013.07.10"]
[Round "1"]
[White "Forsyth, Dane"]
[Black "Yang, Ryan2"]
[Result "0-1"]
[WhiteElo "1038"]
[BlackElo "1866"]
[PlyCount "54"]
[GameId "2160767909326549"]
[EventDate "2013.07.10"]
[EventType "swiss"]
[EventRounds "6"]
[EventCountry "CAN"]
[SourceTitle "hb 2013"]

1. d4 Nf6 2. e3 e6 3. a3 b6 4. Nc3 Bb7 5. Nf3 d5 6. Ne5 Bd6 7. Ng4 Nbd7 8. Be2 O-O 9. Qd3 Nxg4 10. Bxg4 f5 11. Be2 Nf6 12. Bd2 c5 13. O-O-O c4 14. Qxc4 dxc4 15. Bxc4 Re8 16. f3 Rc8 17. Be2 Qe7 18. Nb1 Qc7 19. c3 Bc6 20. h4 Ba4 21. Rdg1 b5 22. Bd1 Bxd1 23. Rxd1 a5 24. b3 b4 25. axb4 axb4 26. c4 Qa5 27. Kc2 Qa2+ 0-1

[Event "CYCC U14"]
[Site "Ottawa CAN"]
[Date "2013.07.10"]
[Round "1"]
[White "Graif, William"]
[Black "Balachandran, Shesan"]
[Result "1-0"]
[WhiteElo "2096"]
[BlackElo "1250"]
[PlyCount "42"]
[GameId "2160767909326551"]
[EventDate "2013.07.10"]
[EventType "swiss"]
[EventRounds "6"]
[EventCountry "CAN"]
[SourceTitle "hb 2013"]

1. e4 e5 2. Nf3 Nc6 3. Nc3 Bb4 4. a3 Bxc3 5. bxc3 Nf6 6. Bd3 d5 7. exd5 Nxd5 8. O-O O-O 9. Re1 Re8 10. Bb5 Bg4 11. h3 e4 12. hxg4 exf3 13. Rxe8+ Qxe8 14. Qxf3 Qe1+ 15. Bf1 Nf6 16. g5 Ne5 17. Qe2 Qxe2 18. Bxe2 Nfd7 19. d4 Nc6 20. Be3 Re8 21. Rb1 Nb6 1-0

[Event "CYCC U14"]
[Site "Ottawa CAN"]
[Date "2013.07.10"]
[Round "1"]
[White "Kong, Aaron"]
[Black "Saha, Ananda"]
[Result "0-1"]
[WhiteElo "998"]
[BlackElo "1816"]
[PlyCount "70"]
[GameId "2160767909326552"]
[EventDate "2013.07.10"]
[EventType "swiss"]
[EventRounds "6"]
[EventCountry "CAN"]
[SourceTitle "hb 2013"]

1. e4 b6 2. c4 Bb7 3. Nc3 e5 4. Nf3 d6 5. d4 exd4 6. Nxd4 Nf6 7. Bd3 Nbd7 8. Nb3 Ne5 9. O-O Nxd3 10. Qxd3 Qd7 11. Nd5 O-O-O 12. Bg5 Be7 13. Nxe7+ Qxe7 14. f3 h6 15. Be3 g5 16. Bd4 Rhg8 17. Rf2 Nh5 18. Qc3 c5 19. Be3 Nf4 20. Bxf4 gxf4 21. Rd1 Rg6 22. Rfd2 Rdg8 23. Qc2 h5 24. Nc1 h4 25. Nd3 Qg5 26. Ne1 Kc7 27. b3 h3 28. Rf2 hxg2 29. Rdd2 Qh4 30. Nxg2 Rxg2+ 31. Kf1 Qxh2 32. Rxg2 Qh1+ 33. Rg1 Qxg1+ 34. Ke2 Rg2+ 35. Kd3 Qe3# 0-1

[Event "CYCC U14"]
[Site "Ottawa CAN"]
[Date "2013.07.10"]
[Round "1"]
[White "Kuttner, Simon"]
[Black "Laframboise, Ian"]
[Result "1-0"]
[WhiteElo "1877"]
[BlackElo "1013"]
[PlyCount "65"]
[GameId "2160767909326553"]
[EventDate "2013.07.10"]
[EventType "swiss"]
[EventRounds "6"]
[EventCountry "CAN"]
[SourceTitle "hb 2013"]

1. e4 c6 2. d4 d5 3. Nc3 f5 4. exf5 Bxf5 5. Bd3 Bxd3 6. Qxd3 Nf6 7. Nf3 e6 8. O-O Nbd7 9. Re1 Qe7 10. Ng5 e5 11. dxe5 Nxe5 12. Qg3 Nh5 13. Qxe5 Qxe5 14. Rxe5+ Be7 15. Ne6 Kd7 16. Rxh5 Kxe6 17. Ne2 Rae8 18. Nd4+ Kd7 19. Be3 Bc5 20. c3 Re4 21. Nc2 Rhe8 22. Bxc5 Re2 23. Ne3 b6 24. Ba3 c5 25. Rxd5+ Kc6 26. Rg5 g6 27. Rd1 Kc7 28. Kf1 R2xe3 29. fxe3 Rxe3 30. Rgd5 Re7 31. b4 cxb4 32. Bxb4 Kc6 33. Bxe7 1-0

[Event "CYCC U14"]
[Site "Ottawa CAN"]
[Date "2013.07.10"]
[Round "1"]
[White "Lachance, Tristan"]
[Black "Yu, Robin"]
[Result "0-1"]
[WhiteElo "937"]
[BlackElo "1751"]
[PlyCount "100"]
[GameId "2160767909326554"]
[EventDate "2013.07.10"]
[EventType "swiss"]
[EventRounds "6"]
[EventCountry "CAN"]
[SourceTitle "hb 2013"]

1. e4 Nf6 2. e5 Nd5 3. Nf3 d6 4. c4 Nb6 5. Nc3 Nc6 6. d4 Bg4 7. Qe2 Nxd4 8. Qe4 Nxf3+ 9. gxf3 Bc8 10. Bf4 e6 11. O-O-O Be7 12. Nb5 d5 13. Qc2 a6 14. Nc3 c6 15. Rg1 Kf8 16. Bd3 h6 17. b3 Qc7 18. Rg2 f5 19. Rdg1 dxc4 20. bxc4 a5 21. Rxg7 Ba3+ 22. Kd1 Qxg7 23. Rxg7 Kxg7 24. Qb3 Bc5 25. Be3 Nd7 26. f4 Bxe3 27. fxe3 Nc5 28. Qc2 Rd8 29. Qg2+ Kf7 30. Ke2 Nxd3 31. Na4 Nc1+ 32. Kf3 Nd3 33. Qe2 b5 34. cxb5 cxb5 35. Nb6 Rb8 36. Nxc8 Rbxc8 37. h4 Rc3 38. Qd2 Nxe5+ 39. Ke2 Rxd2+ 40. Kxd2 Ra3 41. Ke1 Rxa2 42. fxe5 a4 43. Kd1 a3 44. Kc1 Rb2 45. h5 b4 46. Kd1 b3 47. Kc1 Ke7 48. Kd1 a2 49. Kc1 Rc2+ 50. Kd1 a1=Q# 0-1

[Event "CYCC U14"]
[Site "Ottawa CAN"]
[Date "2013.07.10"]
[Round "1"]
[White "Li, Michael"]
[Black "Colvin, Andrew"]
[Result "1-0"]
[WhiteElo "1946"]
[BlackElo "1043"]
[PlyCount "104"]
[GameId "2160767909334747"]
[EventDate "2013.07.10"]
[EventType "swiss"]
[EventRounds "6"]
[EventCountry "CAN"]
[SourceTitle "hb 2013"]

1. d4 Nf6 2. c4 g6 3. Nc3 Bg7 4. Nf3 d5 5. cxd5 Nxd5 6. e4 Nxc3 7. bxc3 O-O 8. Be2 Nc6 9. O-O a6 10. Bf4 Bg4 11. h3 Bxf3 12. Bxf3 Re8 13. e5 Qd7 14. Rb1 Rab8 15. Re1 e6 16. Qa4 h6 17. Rxb7 Rxb7 18. Bxc6 Qc8 19. Bxb7 Qb8 20. Qxa6 g5 21. Be3 Qd8 22. Rb1 f6 23. exf6 Qxf6 24. Bf3 e5 25. Bd5+ Kh8 26. Qxf6 Bxf6 27. dxe5 Bxe5 28. Bd4 Bxd4 29. cxd4 Rd8 30. Bf3 Rxd4 31. Rb7 c5 32. Rc7 Rd2 33. a4 Rd4 34. a5 c4 35. a6 Rd6 36. a7 Ra6 37. a8=Q+ Rxa8 38. Bxa8 Kg8 39. Bd5+ Kf8 40. Bxc4 h5 41. Kf1 g4 42. hxg4 hxg4 43. Ke2 Ke8 44. Ke3 Kd8 45. Rh7 Kc8 46. Kd4 Kb8 47. Kc5 g3 48. Kb6 Kc8 49. fxg3 Kd8 50. Be6 Ke8 51. Kc6 Kf8 52. Kd6 Ke8 1-0

[Event "CYCC U14"]
[Site "Ottawa CAN"]
[Date "2013.07.10"]
[Round "1"]
[White "Lin, Alex"]
[Black "Fischer, Zachary"]
[Result "1-0"]
[WhiteElo "1809"]
[BlackElo "979"]
[PlyCount "83"]
[GameId "2160767909334748"]
[EventDate "2013.07.10"]
[EventType "swiss"]
[EventRounds "6"]
[EventCountry "CAN"]
[SourceTitle "EXT 2022"]
[Source "ChessBase"]
[SourceDate "2021.10.06"]
[SourceVersion "1"]
[SourceVersionDate "2021.10.06"]
[SourceQuality "1"]

1. e4 e5 2. Bc4 Nf6 3. d3 Nc6 4. Nf3 Bc5 5. c3 Bb6 6. Nbd2 d6 7. O-O Ng4 8. h3 Nf6 9. Re1 Nh5 10. Nf1 Qf6 11. Bg5 Qg6 12. Qd2 Na5 13. Bd5 c6 14. Nh4 Qxg5 15. Qxg5 Nf4 16. Qxg7 Rf8 17. Nf5 Bxf5 18. Bxc6+ Nxc6 19. exf5 Nxd3 20. Re2 f6 21. Qxb7 Rd8 22. Qxc6+ Rd7 23. Rd1 Nf4 24. Red2 Ke7 25. Rxd6 Rxd6 26. Qxd6+ Kf7 27. Ng3 Rd8 28. Qxd8 Bxd8 29. Rxd8 Ke7 30. Rd2 h5 31. Ne2 Nxe2+ 32. Rxe2 h4 33. Rd2 a5 34. c4 a4 35. c5 e4 36. c6 e3 37. fxe3 Kf7 38. c7 Kg7 39. Rd7+ Kh6 40. c8=Q Kg5 41. Rg7+ Kh6 42. Qh8# 1-0

[Event "CYCC U14"]
[Site "Ottawa CAN"]
[Date "2013.07.10"]
[Round "1"]
[White "Luo, Alan"]
[Black "Li, Yinshi"]
[Result "0-1"]
[WhiteElo "1221"]
[BlackElo "2081"]
[PlyCount "40"]
[GameId "2160767909334749"]
[EventDate "2013.07.10"]
[EventType "swiss"]
[EventRounds "6"]
[EventCountry "CAN"]
[SourceTitle "hb 2013"]

1. e4 d5 2. exd5 Qxd5 3. Nc3 Qa5 4. Nf3 Nf6 5. Be2 Nc6 6. O-O Bf5 7. d4 O-O-O 8. a3 e5 9. Be3 Nxd4 10. Bxd4 exd4 11. b4 Qb6 12. Na4 Qe6 13. Ng5 Qd7 14. Nb2 Bd6 15. Nc4 Rhf8 16. Nf3 Rfe8 17. Kh1 Bg4 18. Re1 Bf4 19. a4 Ne4 20. Rf1 Nc3 0-1

[Event "CYCC U14"]
[Site "Ottawa CAN"]
[Date "2013.07.10"]
[Round "1"]
[White "Michelashvili, Alexandre"]
[Black "Lee, Stefano"]
[Result "1-0"]
[WhiteElo "1776"]
[BlackElo "954"]
[PlyCount "61"]
[GameId "2160767909334750"]
[EventDate "2013.07.10"]
[EventType "swiss"]
[EventRounds "6"]
[EventCountry "CAN"]
[SourceTitle "hb 2013"]

1. e4 c6 2. d4 d5 3. Nc3 dxe4 4. Nxe4 Bf5 5. Ng3 Bg6 6. h4 h6 7. Nf3 Nf6 8. c3 e6 9. h5 Bh7 10. Bd3 Bxd3 11. Qxd3 Bd6 12. Ne4 Nxe4 13. Qxe4 Nd7 14. Qe2 O-O 15. g4 e5 16. dxe5 Nxe5 17. Nd4 Re8 18. Be3 Qd7 19. Rg1 Bc5 20. O-O-O Qc7 21. Nf5 Bxe3+ 22. fxe3 b5 23. g5 Nc4 24. gxh6 Nxe3 25. Rxg7+ Kh8 26. Nxe3 Qf4 27. Qd2 Qxh6 28. Nf5 Qxh5 29. Qd4 Qxf5 30. Rh1+ Qh7 31. Rhxh7# 1-0

[Event "CYCC U14"]
[Site "Ottawa CAN"]
[Date "2013.07.10"]
[Round "1"]
[White "Mills, Kyle"]
[Black "Wang, Edward"]
[Result "0-1"]
[WhiteElo "665"]
[BlackElo "1303"]
[PlyCount "38"]
[GameId "2160767909334751"]
[EventDate "2013.07.10"]
[EventType "swiss"]
[EventRounds "6"]
[EventCountry "CAN"]
[SourceTitle "hb 2013"]

1. Nc3 c6 2. Nf3 d5 3. e4 dxe4 4. Nxe4 Nd7 5. Bc4 b5 6. Bb3 Bb7 7. Neg5 e6 8. O-O Be7 9. d3 h6 10. Qe2 hxg5 11. Bxg5 Bxg5 12. Nxg5 Qxg5 13. c4 c5 14. f4 Qh6 15. Rae1 Qxh2+ 16. Kf2 Qxf4+ 17. Qf3 Bxf3 18. gxf3 Rh2+ 19. Kg1 Qg3# 0-1

[Event "CYCC U14"]
[Site "Ottawa CAN"]
[Date "2013.07.10"]
[Round "1"]
[White "Page, Shawn"]
[Black "Shi, Diwen"]
[Result "0-1"]
[WhiteElo "1052"]
[BlackElo "2030"]
[PlyCount "86"]
[GameId "2160767909334752"]
[EventDate "2013.07.10"]
[EventType "swiss"]
[EventRounds "6"]
[EventCountry "CAN"]
[SourceTitle "hb 2013"]

1. d4 Nf6 2. c4 c5 3. d5 e6 4. Nc3 exd5 5. cxd5 d6 6. e4 g6 7. Nf3 Bg7 8. Bg5 O-O 9. Bc4 a6 10. O-O b5 11. Bd3 h6 12. Bh4 Qc7 13. Qd2 Nbd7 14. Qf4 Nh5 15. Qe3 Re8 16. Be2 Nhf6 17. Bxf6 Nxf6 18. Rfd1 b4 19. Nb1 Rxe4 20. Qd3 Bf5 21. Nbd2 Re7 22. Qc4 Ne4 23. Nxe4 Rxe4 24. Qc2 c4 25. Nd2 Rxe2 26. Qxc4 Qxc4 27. Nxc4 Rd8 28. h3 Bxb2 29. Nxb2 Rxb2 30. g4 Be4 31. Re1 Bxd5 32. a4 bxa3 33. Rxa3 Rc8 34. Rxa6 Rcc2 35. Rxd6 Bc4 36. Rc6 Kg7 37. Re7 Rc1+ 38. Kg2 Bd5+ 39. Kg3 Bxc6 40. Rc7 Rc3+ 41. Kf4 Kf6 42. h4 g5+ 43. hxg5+ hxg5# 0-1

[Event "CYCC U14"]
[Site "Ottawa CAN"]
[Date "2013.07.10"]
[Round "1"]
[White "Ye, Hanyuan"]
[Black "Mainville, Yanic"]
[Result "1-0"]
[WhiteElo "1750"]
[BlackElo "905"]
[PlyCount "81"]
[GameId "2160767909334754"]
[EventDate "2013.07.10"]
[EventType "swiss"]
[EventRounds "6"]
[EventCountry "CAN"]
[SourceTitle "hb 2013"]

1. e4 e5 2. Nf3 Nc6 3. Bb5 d6 4. d4 Bd7 5. Nc3 Nf6 6. Bg5 Be7 7. dxe5 dxe5 8. Bxc6 Bxc6 9. Nxe5 O-O 10. Nxc6 bxc6 11. O-O h6 12. Bh4 Rb8 13. e5 Nd7 14. Bg3 Rxb2 15. Ne4 Nc5 16. Qc1 Qd4 17. c3 Nd3 18. cxd4 Nxc1 19. Rfxc1 Rd8 20. Rxc6 Rdb8 21. Rxc7 Rb1+ 22. Rc1 R1b2 23. d5 g5 24. e6 R8b7 25. d6 Bd8 26. e7 Bxe7 27. dxe7 Rxe7 28. Nd6 Rbe2 29. Nf5 Re8 30. Nxh6+ Kh7 31. Ng4 R8e7 32. Ne3 Rd7 33. Rc2 Rxc2 34. Nxc2 Rd2 35. Rc1 a5 36. Kf1 Kg6 37. Ke1 Rd5 38. Ke2 Kf5 39. Ne3+ Ke4 40. f3+ Kd4 41. Rc4# 1-0

[Event "CYCC U14"]
[Site "Ottawa CAN"]
[Date "2013.07.10"]
[Round "1"]
[White "Yu, Wenlu"]
[Black "Webster, Thomas"]
[Result "1-0"]
[WhiteElo "2032"]
[BlackElo "1124"]
[PlyCount "65"]
[GameId "2160767909334755"]
[EventDate "2013.07.10"]
[EventType "swiss"]
[EventRounds "6"]
[EventCountry "CAN"]
[SourceTitle "hb 2013"]

1. e4 g6 2. d4 Bg7 3. c4 d6 4. Nf3 Nf6 5. Nc3 O-O 6. Be2 c6 7. O-O a6 8. a4 Nbd7 9. h3 Qe8 10. Be3 Qd8 11. Qc2 Re8 12. Rad1 Qc7 13. Rd2 e5 14. dxe5 dxe5 15. c5 a5 16. Bc4 Rb8 17. Ng5 Re7 18. Qb3 Kh8 19. Nxf7+ Kg8 20. Nd6+ Kh8 21. Nf7+ Kg8 22. Ng5+ Kh8 23. Ne6 Qd8 24. Nxd8 b5 25. axb5 cxb5 26. Bxb5 Bh6 27. Nf7+ Kg7 28. Bxh6+ Kg8 29. Nxe5+ Kh8 30. Nc6 Nxc5 31. Rd8+ Re8 32. Rxe8+ Nxe8 33. Qf7 1-0

[Event "CYCC U14"]
[Site "Ottawa CAN"]
[Date "2013.07.10"]
[Round "1"]
[White "Zhong, Joey"]
[Black "Gariaev, Gleb"]
[Result "0-1"]
[WhiteElo "2033"]
[BlackElo "1199"]
[PlyCount "50"]
[GameId "2160767909334756"]
[EventDate "2013.07.10"]
[EventType "swiss"]
[EventRounds "6"]
[EventCountry "CAN"]
[SourceTitle "hb 2013"]

1. e4 c5 2. Nf3 Nc6 3. d4 cxd4 4. Nxd4 Nf6 5. Nc3 e5 6. Nxc6 bxc6 7. Bg5 Be7 8. Bc4 O-O 9. Qd3 Qb6 10. O-O-O d5 11. exd5 cxd5 12. Nxd5 Nxd5 13. h4 Nf6 14. Bxf6 Bxf6 15. f3 e4 16. Qb3 Qc7 17. Bd5 Rb8 18. Qa3 Bxb2+ 19. Qxb2 Rxb2 20. Kxb2 Qe5+ 21. Kb1 Ba6 22. fxe4 Rb8+ 23. Kc1 Qb2+ 24. Kd2 Qd4+ 25. Ke1 Qe3# 0-1

[Event "CYCC U14"]
[Site "Ottawa CAN"]
[Date "2013.07.10"]
[Round "2"]
[White "Balachandran, Shesan"]
[Black "Kong, Aaron"]
[Result "1-0"]
[WhiteElo "1250"]
[BlackElo "998"]
[PlyCount "140"]
[GameId "2160767909334757"]
[EventDate "2013.07.10"]
[EventType "swiss"]
[EventRounds "6"]
[EventCountry "CAN"]
[SourceTitle "hb 2013"]

1. c4 e5 2. Nc3 c5 3. Nf3 Nc6 4. g3 Nge7 5. Bg2 g6 6. d3 Bg7 7. Bg5 O-O 8. O-O d6 9. Qd2 Re8 10. Nd5 Qd7 11. Nf6+ Bxf6 12. Bxf6 Qe6 13. Bg5 f6 14. Be3 Nf5 15. Bh3 Qe7 16. Bxf5 Bxf5 17. Nh4 Bd7 18. f4 Nd4 19. Bxd4 cxd4 20. Rae1 f5 21. e4 dxe3 22. Qxe3 e4 23. d4 b6 24. d5 b5 25. b3 a6 26. Ng2 Rac8 27. Rc1 bxc4 28. bxc4 Rc5 29. Rfe1 Rec8 30. Qd4 Qg7 31. Red1 Ba4 32. Qxg7+ Kxg7 33. Rd4 Bb5 34. Ne3 a5 35. Rb1 Bxc4 36. Nxc4 Rxc4 37. Rxc4 Rxc4 38. Rb6 Rc1+ 39. Kf2 Rc2+ 40. Ke3 Rxa2 41. Rxd6 Ra3+ 42. Kf2 Rd3 43. h3 a4 44. Ra6 Rxd5 45. Rxa4 Rd2+ 46. Ke3 Rd3+ 47. Kf2 Rd2+ 48. Ke3 Rh2 49. g4 Rxh3+ 50. Ke2 Rf3 51. Ra7+ Kh6 52. g5+ Kh5 53. Rxh7+ Kg4 54. Rh6 Rxf4 55. Rxg6 Kh5 56. Rg8 Rg4 57. Ke3 Rxg5 58. Rh8+ Kg4 59. Rh1 Rh5 60. Rg1+ Kh4 61. Kf4 Kh3 62. Rh1+ Kg2 63. Rxh5 Kf2 64. Rh2+ Kg1 65. Ra2 Kf1 66. Ke3 Kg1 67. Rf2 f4+ 68. Rxf4 Kg2 69. Kxe4 Kg3 70. Rf8 Kg2 1-0

[Event "CYCC U14"]
[Site "Ottawa CAN"]
[Date "2013.07.10"]
[Round "2"]
[White "Brown, Nicholas"]
[Black "Page, Shawn"]
[Result "0-1"]
[WhiteElo "756"]
[BlackElo "1052"]
[PlyCount "40"]
[GameId "2160767909334758"]
[EventDate "2013.07.10"]
[EventType "swiss"]
[EventRounds "6"]
[EventCountry "CAN"]
[SourceTitle "hb 2013"]

1. e4 c5 2. Bc4 e6 3. f4 Nf6 4. f5 d5 5. Bb3 c4 6. Ba4+ Bd7 7. b3 Bxa4 8. bxa4 Nxe4 9. d3 Qa5+ 10. Bd2 Nxd2 11. Nxd2 exf5 12. Nh3 Bc5 13. Rf1 O-O 14. Ke2 Re8+ 15. Kf3 Qc7 16. g3 Nc6 17. c3 Re3+ 18. Kf2 Rxd3+ 19. Ke2 Re8+ 20. Ne4 Rxe4# 0-1